000 00935nam a2200265 i 4500
001 bg
003 KOSZ 005
005 20230123085358.0
008 080229s1965 pl a f 000 0 pol
015 _aPB 1965/5684
040 _aWA N
_cKOSZ 005/RW
_dKOSZ 005/RW
080 _a621.3
100 1 _aKończykowski, Stanisław
_d(1891-1985).
245 1 0 _aZwarcia w układach elektroenergetycznych /
_cS. Kończykowski, J. Bursztyński.
260 _aWarszawa :
_bWydawnictwa Naukowo-Techniczne,
_c1965.
300 _a445, [1] s. :
_bil. ;
_c25 cm.
380 _aKsiążki.
504 _aBibliogr. s. 445-[446].
650 4 _aSieć elektryczna
650 4 _aZwarcie elektryczne
700 1 _aBursztyński, Janusz.
710 2 _aWydawnictwa Naukowo-Techniczne
_4pbl.
856 _uhttp://koha.tu.koszalin.pl/cgi-bin/koha/opac-detail.pl?biblionumber=11238
_yKatalog online BPK
942 _2UKD
_cKS
999 _c11238
_d11238